| 000 | 00706nam a22001817a 4500 | ||
|---|---|---|---|
| 003 | BUBTL | ||
| 008 | 190310b xxu||||| |||| 00| 0 eng d | ||
| 020 | _a978-81-7756-829-5 | ||
| 082 | _a891.44 / GAP | ||
| 100 |
_92165 _aগঙ্গোপাধ্যায়, সুনীল |
||
| 245 |
_aপ্রথম আলো / _cসুনীল গঙ্গোপাধ্যায় |
||
| 260 |
_a কলকাতা : _bআনন্দ পাবলিশার্স প্রাইভেট লিমিটেড, _cc1996. |
||
| 300 |
_a1135 p. : _c24 cm. |
||
| 650 | 0 |
_91689 _aবাংলা সাহিত্য |
|
| 856 |
_k0 _l0 _yDownload |
||
| 942 |
_2ddc _cBK |
||
| 999 |
_c5906 _d5906 |
||